Sports Quiz

Random Sports or Football Quiz

Consecutive Champions League Finals Quiz Stats

 Plays Quiz not verified by Sporcle

Score 0/6 Timer 01:30
2 Plays Today
% Correct
AC Milan
73%
Bayern Munich
72.9%
Manchester United
72.6%
Juventus
62.5%
Ajax
58.1%
Valencia
44.3%

You're not logged in!

Compare scores with friends on all Sporcle quizzes.
OR
Log In

Show Comments

Extras

Top Quizzes Today


Score Distribution

Your Account Isn't Verified!

In order to create a playlist on Sporcle, you need to verify the email address you used during registration. Go to your Sporcle Settings to finish the process.

Report this User

Report this user for behavior that violates our Community Guidelines.

Details: